Rainwater management in urban areas

Saved in:
Bibliographic Details
Main Author: Nahle, Fatima (Author)
Other Authors: Wittmanová, Réka (Thesis advisor)
Format: Manuscript Book
Language:Slovak
English
Published: 2022
Subjects:
Online Access:http://is.stuba.sk/zp/portal_zp.pl?podrobnosti=165533
https://opac.crzp.sk/?fn=detailBiblioForm&sid=EC9507141B5FF6F04502CEC822A1
Tags: Add Tag
No Tags, Be the first to tag this record!

MARC

LEADER 00000ntm a22000003a 4500
001 stuzp88723
003 SK-STU
005 20230509100341.6
007 ta
008 150427s2015----xo-----f-mn---000-0-slo-d
040 |a STU  |b slo 
041 0 |a eng 
100 1 |a Nahle, Fatima  |u 010280  |4 aut  |U SvF Stavebná fakulta  |T SvF Katedra zdravotného inžinierstva  |X 105717  |U V280  |Y 29  |7 105717 
242 0 1 |a Rainwater management in urban areas  |y slo 
245 1 0 |a Rainwater management in urban areas 
260 |c 2022 
650 4 |a infiltration percolation facilities  |2 slo 
650 4 |a storm water managment  |2 slo 
650 4 |a sustainable drainage  |2 slo 
650 4 |a infiltration percolation facilities  |2 eng 
650 4 |a sustainable drainage  |2 eng 
650 4 |a stormwater managment  |2 eng 
700 1 |a Wittmanová, Réka  |u 010280  |k Z1  |4 ths  |U SvF Stavebná fakulta  |T SvF Katedra zdravotného inžinierstva  |X 55673  |U V280  |Y 29  |7 55673 
856 4 |u http://is.stuba.sk/zp/portal_zp.pl?podrobnosti=165533 
856 4 |u https://opac.crzp.sk/?fn=detailBiblioForm&sid=EC9507141B5FF6F04502CEC822A1